Boundary elements : (Record no. 789)
[ view plain ]
| 000 -LEADER | |
|---|---|
| fixed length control field | 01110nac a22002411u 4500 |
| 010 ## - LIBRARY OF CONGRESS CONTROL NUMBER | |
| LC control number | 91077179 |
| 020 ## - INTERNATIONAL STANDARD BOOK NUMBER | |
| International Standard Book Number | 1853121606 (Southampton) |
| 020 ## - INTERNATIONAL STANDARD BOOK NUMBER | |
| International Standard Book Number | 1562520873 (Boston) |
| 020 ## - INTERNATIONAL STANDARD BOOK NUMBER | |
| International Standard Book Number | 007007416X (McGraw-Hill) |
| 082 00 - DEWEY DECIMAL CLASSIFICATION NUMBER | |
| Classification number | 620/.001 |
| Item number | B8289 |
| 090 ## - LOCALLY ASSIGNED LC-TYPE CALL NUMBER (OCLC); LOCAL CALL NUMBER (OCLC) | |
| -- | 789 |
| -- | 789 |
| 100 ## - MAIN ENTRY--PERSONAL NAME | |
| Personal name | Brebbia, C. A. |
| 245 10 - TITLE STATEMENT | |
| Title | Boundary elements : |
| Remainder of title | an introductory course / |
| Statement of responsibility, etc | C.A. Brebbia, J. Dominguez. |
| 250 ## - EDITION STATEMENT | |
| Edition statement | 2nd ed. |
| 260 ## - PUBLICATION, DISTRIBUTION, ETC. (IMPRINT) | |
| Place of publication, distribution, etc | Southhampton ; |
| -- | Boston : |
| Name of publisher, distributor, etc | Computational Mechanics Publications ; |
| Place of publication, distribution, etc | New York : |
| Name of publisher, distributor, etc | Copublished with McGraw-Hill, |
| Date of publication, distribution, etc | 1992. |
| 300 ## - PHYSICAL DESCRIPTION | |
| Extent | 313 p. : |
| Other physical details | ill. ; |
| Dimensions | 23 cm. |
| 504 ## - BIBLIOGRAPHY, ETC. NOTE | |
| Bibliography, etc | Includes bibliographical references and index. |
| 650 #0 - SUBJECT ADDED ENTRY--TOPICAL TERM | |
| Topical term or geographic name as entry element | Boundary element methods. |
| 700 1# - ADDED ENTRY--PERSONAL NAME | |
| Personal name | Dominquez, J. |
| Fuller form of name | (Jose) |
| 942 ## - ADDED ENTRY ELEMENTS (KOHA) | |
| Item type | Book - Borrowing |
| Call number prefix | 620/.001B8289 |
| Withdrawn status | Item status | Source of classification or shelving scheme | Damaged status | Not for loan | Vendor | Home library | Current library | Shelving location | Date acquired | Source of acquisition | Cost, normal purchase price | Total Checkouts | Full call number | Barcode | Date last seen | Date last borrowed | Cost, replacement price | Koha item type | Total Renewals |
|---|---|---|---|---|---|---|---|---|---|---|---|---|---|---|---|---|---|---|---|
| Dewey Decimal Classification | Central Library | Central Library | First floor | 27/07/2006 | 185.00 | 3 | 620.001 BRE | 000003793 | 15/07/2025 | 21/03/2013 | 231.25 | Book - Borrowing | |||||||
| Dewey Decimal Classification | Central Library | Central Library | First floor | 27/07/2006 | 185.00 | 5 | 620.001 BRE | 000003792 | 15/07/2025 | 06/09/2017 | 231.25 | Book - Borrowing | 1 |